Santillana del Mar : libro de piedra /
Manuel González Hoyos (1900-1984), periodista y poeta español perteneciente a la Generación del 36, cuya poesía es más narrativa, neorromántica y humana que la dominante en la poesía existencial del siglo XX. De su poesía destaca la ausencia de adjetivos y su concepción de la existencia humana como...
Gespeichert in:
| 1. Verfasser: | |
|---|---|
| Weitere Verfasser: | |
| Format: | Buch |
| Sprache: | Spanisch |
| Ausgabe: | 2a edición |
| Schlagworte: | |
| Tags: |
Keine Tags, Fügen Sie das erste Tag hinzu!
|
MARC
| LEADER | 00000nam^a2200000^a^4500 | ||
|---|---|---|---|
| 001 | 000186916 | ||
| 005 | 20250521000000.0 | ||
| 009 | 20260310102243.83 | ||
| 037 | |a Acervo ITESO - Biblioteca | ||
| 041 | |a ESP | ||
| 082 | |a 861. |b GON | ||
| 100 | |a González Hoyos, Manuel |e (autor) | ||
| 245 | 1 | 0 | |a Santillana del Mar : |b libro de piedra / |c M. González Hoyos ; prelim. de Joaquín Reguera Sevilla ; il. de M. Lledías. |
| 250 | |a 2a edición | ||
| 264 | |a Santander, España ; |b Taller de Artes Gráficas Santander, |c 1949 | ||
| 300 | |a XIV, 74 p. | ||
| 336 | |a texto |b txt |2 rdacontenido | ||
| 337 | |a sin mediación |b n |2 rdamedio | ||
| 338 | |a volumen |b nc |2 rdasoporte | ||
| 520 | |a Manuel González Hoyos (1900-1984), periodista y poeta español perteneciente a la Generación del 36, cuya poesía es más narrativa, neorromántica y humana que la dominante en la poesía existencial del siglo XX. De su poesía destaca la ausencia de adjetivos y su concepción de la existencia humana como angustia. Esta obra contiene versos sobre la arquitectura del pueblo Santillana del Mar, de la región de Cantabria en España. | ||
| 649 | |a XX | ||
| 650 | |a Poesía Española | ||
| 650 | |a Literatura Española - |y Siglo XX | ||
| 650 | |a Arquitectura en la Literatura | ||
| 650 | |a Arte en la Literatura | ||
| 650 | |a Arquitectura - |z Santillana del Mar, España - |x Historia y Crítica | ||
| 650 | |a Arquitectura Española - |x Historia y Crítica | ||
| 650 | |a Arte Español - |x Historia y Crítica | ||
| 650 | |a Santillana del Mar, España - |x Descripción | ||
| 650 | |a España - |x Descripción | ||
| 700 | |a Lledías, Manuel |e (ilustración) | ||
| 910 | |a Fondo Julio de la Peña Lomelín | ||
| 920 | |a Impresos - Libros | ||
| 930 | |a Arquitectos Jaliscienses | ||
| 940 | |a Literatura | ||
| 905 | |a 115 | ||
| 901 | |a 0500129117 |b IT1 |c JAL |u 20250521 | ||
| 902 | |a https://opac.biblio.iteso.mx/vufind/Record/000186916 | ||